| 000 | 01203nam a2200349 i 4500 | ||
|---|---|---|---|
| 001 | 53033 | ||
| 003 | ES-MaACL | ||
| 005 | 20260203063031.0 | ||
| 007 | t| | ||
| 008 | 020522s2001 sp |||| |cspa j | ||
| 020 | _a84-8198-382-9 | ||
| 080 | _a929 Blanco Aguinaga, Carlos | ||
| 080 | _a929 Ballestero, Manuel | ||
| 080 | _a929 Vigre, Julia | ||
| 080 | _a929-054.7(=1.460:100)"19" | ||
| 100 |
_aBlanco Aguinaga, Carlos, _d1926-2013 _9233594 |
||
| 245 | 1 | 0 |
_aMemoria viva de los exilios / _cCarlos Blanco, Manuel Ballesteros [i.e. Ballestero], Julia Vigre. |
| 250 | _a1ª ed. | ||
| 260 |
_aMadrid : _bEntimema, _c2001. |
||
| 300 |
_a94 p. ; _c20 cm. |
||
| 490 | 1 |
_aCon-textos de ciencias sociales ; _v6 |
|
| 504 | _aBibliografía. | ||
| 600 | 0 |
_aBlanco Aguinaga, Carlos, _d1926-2013 _9233594 |
|
| 600 | 1 | 4 |
_aBallestero, Manuel. _925031 |
| 600 | 1 | 4 |
_aVigre, Julia. _9114673 |
| 650 | 1 | 4 |
_aExiliados españoles- _yS.XX. _9154411 |
| 700 | 1 |
_aBallestero, Manuel. _925031 |
|
| 700 | 1 |
_aVigre, Julia. _9114673 |
|
| 830 | 0 |
_aCon-textos de ciencias sociales ; _v6 _9230228 |
|
| 852 |
_aES-MaACL _jL-26510 _z. - Dedicatoria autógrafa de Manuel Ballestero |
||
| 999 |
_c53033 _d53033 |
||